Early Evolutionary History of the Synapsida

Non-mammalian synapsids were the dominant terrestrial vertebrates from the Late Carboniferous to the Middle Triassic and play a key role in understanding the origin and evolution of mammals. Despite these facts and the outstanding fossil record of the group, early synapsids remain obscure. This book...

Full description

Bibliographic Details
Corporate Author: SpringerLink (Online service)
Other Authors: Kammerer, Christian F. (Editor), Angielczyk, Kenneth D. (Editor), Fröbisch, Jörg (Editor)
Format: Electronic eBook
Language:English
Published: Dordrecht : Springer Netherlands : Imprint: Springer, 2014.
Series:Vertebrate Paleobiology and Paleoanthropology,
Subjects:
Online Access:Full Text via HEAL-Link
LEADER 02705nam a22005415i 4500
001 978-94-007-6841-3
003 DE-He213
005 20151103121329.0
007 cr nn 008mamaa
008 130920s2014 ne | s |||| 0|eng d
020 |a 9789400768413  |9 978-94-007-6841-3 
024 7 |a 10.1007/978-94-007-6841-3  |2 doi 
040 |d GrThAP 
050 4 |a QE701-760 
072 7 |a RBX  |2 bicssc 
072 7 |a SCI054000  |2 bisacsh 
082 0 4 |a 560  |2 23 
245 1 0 |a Early Evolutionary History of the Synapsida  |h [electronic resource] /  |c edited by Christian F. Kammerer, Kenneth D. Angielczyk, Jörg Fröbisch. 
264 1 |a Dordrecht :  |b Springer Netherlands :  |b Imprint: Springer,  |c 2014. 
300 |a XI, 337 p. 128 illus., 114 illus. in color.  |b online resource. 
336 |a text  |b txt  |2 rdacontent 
337 |a computer  |b c  |2 rdamedia 
338 |a online resource  |b cr  |2 rdacarrier 
347 |a text file  |b PDF  |2 rda 
490 1 |a Vertebrate Paleobiology and Paleoanthropology,  |x 1877-9077 
505 0 |a Part I. “Pelycosaur”-grade Synapsids -- Part II. Anomodontia -- Part III. Theriodontia -- IV. Therapsid Diversity Patterns and the End-Permian Extinction. 
520 |a Non-mammalian synapsids were the dominant terrestrial vertebrates from the Late Carboniferous to the Middle Triassic and play a key role in understanding the origin and evolution of mammals. Despite these facts and the outstanding fossil record of the group, early synapsids remain obscure. This book showcases the full breadth of contemporary research on non-mammalian synapsids, ranging from taxonomy and phylogenetics to functional morphology, biogeography, paleoecology, and patterns of diversity. It also underscores the importance and potential of studying non-mammalian synapsid paleobiology in its own right, not just in the context of mammalian evolution. 
650 0 |a Earth sciences. 
650 0 |a Paleontology. 
650 0 |a Evolutionary biology. 
650 0 |a Zoology. 
650 0 |a Vertebrates. 
650 1 4 |a Earth Sciences. 
650 2 4 |a Paleontology. 
650 2 4 |a Evolutionary Biology. 
650 2 4 |a Zoology. 
650 2 4 |a Animal Systematics/Taxonomy/Biogeography. 
650 2 4 |a Vertebrates. 
700 1 |a Kammerer, Christian F.  |e editor. 
700 1 |a Angielczyk, Kenneth D.  |e editor. 
700 1 |a Fröbisch, Jörg.  |e editor. 
710 2 |a SpringerLink (Online service) 
773 0 |t Springer eBooks 
776 0 8 |i Printed edition:  |z 9789400768406 
830 0 |a Vertebrate Paleobiology and Paleoanthropology,  |x 1877-9077 
856 4 0 |u http://dx.doi.org/10.1007/978-94-007-6841-3  |z Full Text via HEAL-Link 
912 |a ZDB-2-EES 
950 |a Earth and Environmental Science (Springer-11646)